000 01220nam a2200361 i 4500
003 CO-BoRNBP
005 20220317000942.0
007 ta
008 300320s20092014sp ao cr 000 0 spa d
020 _a9788434225114
040 _aCO-BoRNBP
_bspa
_erda
_cCO-BoRNBP
041 0 _aspa
082 0 4 _a388
_bN67t
_222
100 1 _aNos Aguilá, Oriol
_eautor
245 1 0 _aTransportes & comunicación
_cOriol Nos Aguilá ; editor Jesús Araújo
246 _aTransportes y comunicación
250 _aQuinta edición
250 _aSéptima edición
264 1 _aBadalona, España
_bParramón
_c2009
_c2014
300 _a48 páginas
_bilustraciones, fotografías a color
_c28 cm
336 _atexto
_btxt
_2rdacontent
337 _asin mediación
_bn
_2rdamedia
338 _avolumen
_bnc
_2rdacarrier
490 0 _aPequeño Ingeniero
500 _aIncluye glosario al final del texto
521 _aRecomendado para un público mayor de 12 años
650 1 7 _aTransporte
_xExperimentos
_2ARMARC
650 1 7 _aComunicaciones
_xExperimentos
_2ARMARC
650 1 7 _aTransporte
_xClasificación
_2LEMB
650 1 7 _aComunicación
_xClasificación
_2ARMARC
700 1 _aAraujo, Jesús
_eeditor
_9201002
942 _2ddc
_cBK
999 _c5502
_d5502